<?xml version="1.0" encoding="UTF-8"?>
<record
    xmlns:xsi="http://www.w3.org/2001/XMLSchema-instance"
    xsi:schemaLocation="http://www.loc.gov/MARC21/slim http://www.loc.gov/standards/marcxml/schema/MARC21slim.xsd"
    xmlns="http://www.loc.gov/MARC21/slim">

  <leader>01073nab a2200217 i 4500</leader>
  <controlfield tag="001">768714001</controlfield>
  <controlfield tag="003">CO-MdFUSB</controlfield>
  <controlfield tag="005">20240815084133.0</controlfield>
  <controlfield tag="008">240815t1924    cr ||||| |||| 00| 0 eng d</controlfield>
  <datafield tag="040" ind1=" " ind2=" ">
    <subfield code="b">spa</subfield>
    <subfield code="c">CO-MdFUSB</subfield>
    <subfield code="d">CO-MdFUSB</subfield>
  </datafield>
  <datafield tag="041" ind1=" " ind2=" ">
    <subfield code="a">eng</subfield>
  </datafield>
  <datafield tag="245" ind1=" " ind2=" ">
    <subfield code="a">Spirituality or Sentimentality</subfield>
  </datafield>
  <datafield tag="520" ind1=" " ind2=" ">
    <subfield code="a">Muchas religiones contempor&#xE1;neas se preocupan por depender demasiado del coraz&#xF3;n y del esp&#xED;ritu.
Si bien es cierto que la verdadera religi&#xF3;n llega a lo m&#xE1;s profundo de la vida y alcanza emociones que nadie m&#xE1;s puede, la verdadera marca se encuentra en los resultados. Esto es exactamente lo que dijo Santiago cuando desafi&#xF3; a los primeros creyentes a mostrar su fe en &#xE9;l a trav&#xE9;s de sus obras.</subfield>
  </datafield>
  <datafield tag="546" ind1=" " ind2=" ">
    <subfield code="a">Texto en ingl&#xE9;s.</subfield>
  </datafield>
  <datafield tag="630" ind1=" " ind2="0">
    <subfield code="a">Espiritualidad y Misi&#xF3;n</subfield>
  </datafield>
  <datafield tag="650" ind1=" " ind2="0">
    <subfield code="a">Vida espiritual</subfield>
    <subfield code="9">51</subfield>
  </datafield>
  <datafield tag="650" ind1=" " ind2="0">
    <subfield code="a">Evangelizaci&#xF3;n</subfield>
    <subfield code="9">362</subfield>
  </datafield>
  <datafield tag="773" ind1="0" ind2=" ">
    <subfield code="0">70761</subfield>
    <subfield code="9">82969</subfield>
    <subfield code="o">R2742</subfield>
    <subfield code="t">Latin America Mission</subfield>
    <subfield code="w">(CO-MdFUSB)768714001</subfield>
    <subfield code="g">Volumen 4, (n&#xFA;mero 3, 1924), p&#xE1;gina: 3</subfield>
    <subfield code="q">p&#xE1;gina: 3</subfield>
  </datafield>
  <datafield tag="942" ind1=" " ind2=" ">
    <subfield code="c">ANA</subfield>
  </datafield>
  <datafield tag="945" ind1=" " ind2=" ">
    <subfield code="a">Catherine Arias &#xC1;lvarez - Practicante SENA</subfield>
  </datafield>
  <datafield tag="999" ind1=" " ind2=" ">
    <subfield code="c">70852</subfield>
    <subfield code="d">70852</subfield>
  </datafield>
</record>
